KOHA-Header-6

Electrical Engineering Objective and Questions and Answer (Record no. 86)

000 -LEADER
fixed length control field 00324nam a2200121Ia 4500
008 - FIXED-LENGTH DATA ELEMENTS--GENERAL INFORMATION
fixed length control field 190722s9999 xx 000 0 und d
020 ## - INTERNATIONAL STANDARD BOOK NUMBER
International Standard Book Number 81-7409-202-1
100 ## - MAIN ENTRY--PERSONAL NAME
Personal name R.K.Gupta
245 #0 - TITLE STATEMENT
Title Electrical Engineering Objective and Questions and Answer
260 ## - PUBLICATION, DISTRIBUTION, ETC. (IMPRINT)
Place of publication, distribution, etc New Delhi
Name of publisher, distributor, etc Khanna Publishers
Date of publication, distribution, etc 2015
300 ## - PHYSICAL DESCRIPTION
Extent 295
942 ## - ADDED ENTRY ELEMENTS (KOHA)
Koha item type Books
Holdings
Withdrawn status Lost status Damaged status Not for loan Collection code Permanent Location Current Location Shelving location Date acquired Full call number Barcode Date last seen Price effective from Koha item type
        Electrical Engineering MAJU MAJU Shelf No.A34 2019-07-22 621.3 6712 2019-07-22 2019-07-22 Electrical Engineering

Powered by Koha